Konsolidovaná účtovná závierka

Enregistré dans:
Détails bibliographiques
Auteur principal: Lukáč, Jozef, 1991-
Format: Chapitre de livre
Langue:slovaque
Sujets:
Tags: Ajouter un tag
Pas de tags, Soyez le premier à ajouter un tag!

MARC

LEADER 00000naa$a2200000$$$4500
001 0269266
005 20240502074223.0
041 0 |a slo 
044 |a SK 
245 1 0 |a Konsolidovaná účtovná závierka  |c Jakub Lukáč 
500 |a abstrakt 
610 2 0 |a závierka účtovná konsolidovaná 
610 2 0 |a účtovníctvo 
610 2 0 |a podnik 
610 2 0 |a majetok 
100 1 |a Lukáč, Jozef, 1991-